000 01055nam a22003137a 4500
001 0025380
003 KOHA_MİRAKIL
005 20260207002503.0
007 ta
008 101112b2009 tu |||gr||||#||||0|tur |
020 _a9789944905732
_qTk. 9789944905749
_qc.1
_c75,069999999999993
040 _aTR-BiSEU
_btur
_cTR-BiSEU
_erda
041 0 _atur
044 _ctu
050 _aDS109.2
_b.V48 2009
245 0 _aVesika ve fotoğraflarla osmanlı devrinde Kudüs/
_ceditör Ömer Faruk Yılmaz.
264 1 _aİstanbul :
_bÇamlıca
_c2009
300 _ac.: resimli; 33 cm.
336 _ametin
_btxt
_2rdacontent
337 _aaracısız
_bn
_2rdamedia
338 _acilt
_bnc
_2rdacarrier
490 1 _aÇamlıca Basım Yayın Kitapları ;
_v47.
650 0 _aKudüs (Sancak)--Resimli çalışmalar.
_951257
650 0 _aJerusalem (Sancak)--Pictorial works.
_951258
650 0 _aKudüs (Sancak)--Tarih.
_951259
650 0 _aJerusalem (Sancak)--History.
_951260
830 1 _aÇamlıca Basım Yayın Kitapları ;
_v47.
_950968
942 _2lcc
_cBK
999 _c25329
_d25329